000
00328nam a2200133Ia 4500
005
20251222155143.0
008
251222s9999||||xx |||||||||||||| ||spa||
082
_a
EBA. 18
100
_a
SANA, J. JUDGE R.
245
0
_a
Metodos para el Examen Fisico en Práctica Enf.
250
_a
1ra. ed.
264
_b
OPS/OMS
942
_c
LIB
999
_c
39250
_d
39250